00669nam a22001337a 4500008004100000020001500041082002100056100004700077245006100124260023900185300002300424440002100447650006700468180824b xxu||||| |||| 00| 0 eng d a9709703587 a738.097.2bT693c aTorres, Leticia y Rodríguez, Ana María aCuatro visiones, cinco momentos: los discursos del barro aMéxicobInstituto Nacional de Bellas Artes y LiteraturabCentro Nacional de las Artes bCentro Nacional de Investigación, Documentación e Información de Artes Plásticas (CENIDIAP)bEstampa Artes Gráficas S.A. de C.V.c2012 a15 p.bill.c21 cm aEnsayos Abrevian 2Arte contemporáneoxArte - cerámicazCerámica - México